000 00558nam a22001817a 4500
003 CEME
005 20210628202735.0
008 210115b xxu||||| |||| 00| 0 eng d
020 _a1-56347-517-0
040 _cceme
082 _a629.1 FIX
100 _aMueller, Thomas J
_961361
245 _aFixed and flapping wing aerodynamics for micro air vehicle applications
260 _aNEW YORK
_bAIAA
_c2001
300 _aXIX,586 P
650 _aAERODYNAMICS FOR MICRO AIR VEHICLE APPLICATIONS.FIXED AND FLAPPING WING AERODYNAMICS.
_961362
942 _cBK
_2ddc
999 _c570842
_d570842